| 000 | 00845nam a22002891a 4500 | ||
|---|---|---|---|
| 001 | 37070 | ||
| 003 | BD-RjUL | ||
| 005 | 20211209052556.0 | ||
| 008 | 141013s1984 enka b 001 0 eng d | ||
| 020 | _a0865315760 | ||
| 020 | _a0246119063 | ||
| 035 |
_aCURL 980083061023(LCo) from nsc11 _a(BD-RjUL)37172 |
||
| 040 |
_aBD-RjUL _beng _cBD-RjUL |
||
| 041 | _aeng | ||
| 082 |
_a636 _bKIL 1984 |
||
| 100 | 1 |
_aKilgour, Ronald. _9113351 |
|
| 245 | 1 | 0 |
_aLivestock behaviour : _ba practical guide / _cRonald Kilgour and Clive Dalton. |
| 260 |
_aLondon : _bGranada, _c1984. |
||
| 300 |
_axii, 320 p : _bill ; _c23 cm |
||
| 504 | _aBibliography: p. [293]-294 | ||
| 504 | _aIncludes index | ||
| 650 | 0 |
_aLivestock _xBehavior _9113352 |
|
| 700 | 1 |
_aDalton, Clive _9113353 |
|
| 942 |
_2ddc _cBK |
||
| 999 |
_c37070 _d37070 |
||